Southville International School and Colleges
Your cart is empty.
  • Cart
  • Lists
    Public lists Eva Luna New books Lux_list list_1
    Your lists Log in to create your own lists
  • Log in to your account
  • Your cookies
  • Search history
Southville International School and Colleges
  • Advanced search
  • Recent comments
  • Most popular
  • Libraries

Log in to your account

Log in with GOOGLE


If you do not have an external account, but do have a local account, you can still log in:

  1. Home
  2. MARC view: Competence at work :
Normal view MARC view ISBD view

Competence at work : (Record no. 115633)

[ view plain ]
MARC details
000 -LEADER
fixed length control field 00704nam a2200205Ia 4500
008 - FIXED-LENGTH DATA ELEMENTS--GENERAL INFORMATION
fixed length control field 140429s9999 xx 000 0 und d
020 ## - INTERNATIONAL STANDARD BOOK NUMBER
International Standard Book Number 9780471548096
050 ## - LIBRARY OF CONGRESS CALL NUMBER
Classification number HF 5549.5.A78
Item number .Sp67 1993
100 ## - MAIN ENTRY--PERSONAL NAME
Personal name Spencer, Lyle M.
245 ## - TITLE STATEMENT
Title Competence at work :
Remainder of title models for superior performance /
Statement of responsibility, etc Lyle M. Spencer and Signe M. Spencer.
260 ## - PUBLICATION, DISTRIBUTION, ETC. (IMPRINT)
Place of publication, distribution, etc New York :
Name of publisher, distributor, etc John Wiley & Sons Inc.,
Date of publication, distribution, etc c1993.
300 ## - PHYSICAL DESCRIPTION
Extent 372 p. :
Other physical details iil. ;
Dimensions 24 cm.
500 ## - GENERAL NOTE
General note Includes bibliographical references and index.
521 ## - TARGET AUDIENCE NOTE
Target audience note
650 ## - SUBJECT ADDED ENTRY--TOPICAL TERM
Topical term or geographic name as entry element Assessment centers (Personnel management procedure).
650 ## - SUBJECT ADDED ENTRY--TOPICAL TERM
Topical term or geographic name as entry element Employees
General subdivision Rating of.
650 ## - SUBJECT ADDED ENTRY--TOPICAL TERM
Topical term or geographic name as entry element Executives
General subdivision Rating of.
942 ## - ADDED ENTRY ELEMENTS (KOHA)
Call number prefix Foreign
Koha item type Books
Holdings
Withdrawn status Lost status Source of classification or shelving scheme Damaged status Home library Current library Shelving location Date acquired Source of acquisition Cost, normal purchase price Total Checkouts Full call number Barcode Date last seen Price effective from Koha item type
    Library of Congress Classification   College Library College Library General Circulation Section 04/29/2014 Library Fund 9520.00   HF 5549.5.A78 .Sp67 1993 C16931 05/15/2018 04/29/2014 Books

Competence at work :

APA

Spencer L. M., . (1993). Competence at work. New York: John Wiley & Sons Inc.

Chicago

Spencer Lyle M, . 1993. Competence at work. New York: John Wiley & Sons Inc.

Harvard

Spencer L. M., . (1993). Competence at work. New York: John Wiley & Sons Inc.

MLA

Spencer Lyle M, . Competence at work. New York: John Wiley & Sons Inc. 1993.

  • Place hold
  • Print
  • Cite
  • Add to your cart (remove)
  • Save record
    BIBTEX Dublin Core MARCXML MARC (non-Unicode/MARC-8) MARC (Unicode/UTF-8) MARC (Unicode/UTF-8, Standard) MODS (XML) RIS
  • More searches
    Search for this title in:
    Other Libraries (WorldCat) Other Databases (Google Scholar) Online Stores (Bookfinder.com) Open Library (openlibrary.org)

Exporting to Dublin Core...

SOUTHVILLE LIBRARY

Southville International School and Colleges Library

1281 Tropical Ave. Cor. Luxembourg St., BF Homes International, Las Pinas City

Tel. No. 8256374 / 252358 Loc. 117/146

Powered by Koha